Plastic surgery nursing. (Record no. 4986)
[ view plain ]
| 000 -LEADER | |
|---|---|
| fixed length control field | 00693nam a22002532 4500 |
| 001 - CONTROL NUMBER | |
| control field | 012867840 |
| 003 - CONTROL NUMBER IDENTIFIER | |
| control field | UkOxU |
| 005 - DATE AND TIME OF LATEST TRANSACTION | |
| control field | 20220401090057.0 |
| 008 - FIXED-LENGTH DATA ELEMENTS--GENERAL INFORMATION | |
| fixed length control field | 700227s1964 xx 000 0 eng d |
| 015 ## - NATIONAL BIBLIOGRAPHY NUMBER | |
| National bibliography number | GB64-17453 |
| 035 ## - SYSTEM CONTROL NUMBER | |
| System control number | OCLC ocm14528303 from D970918M |
| 040 ## - CATALOGING SOURCE | |
| Original cataloging agency | NLM |
| Transcribing agency | ALUPE UNIVERSITY |
| Modifying agency | UKM |
| -- | EQO |
| 050 ## - LIBRARY OF CONGRESS CALL NUMBER | |
| Classification number | RD118 |
| Item number | .J46 1964 |
| 060 0# - NATIONAL LIBRARY OF MEDICINE CALL NUMBER | |
| Classification number | WY 161 |
| Item number | J52p 1964 |
| 082 04 - DEWEY DECIMAL CLASSIFICATION NUMBER | |
| Classification number | 617.950024613 |
| Edition number | 18 |
| 100 1# - MAIN ENTRY--PERSONAL NAME | |
| Personal name | Jenkins, Mair Matilda. |
| 245 10 - TITLE STATEMENT | |
| Title | Plastic surgery nursing. |
| 260 ## - PUBLICATION, DISTRIBUTION, ETC. | |
| Place of publication, distribution, etc. | London : |
| Name of publisher, distributor, etc. | Macmillan, |
| Date of publication, distribution, etc. | 1964. |
| 300 ## - PHYSICAL DESCRIPTION | |
| Extent | 128 p. |
| 650 #2 - SUBJECT ADDED ENTRY--TOPICAL TERM | |
| Topical term or geographic name entry element | Nursing. |
| 650 #2 - SUBJECT ADDED ENTRY--TOPICAL TERM | |
| Topical term or geographic name entry element | Surgery, Plastic. |
| 942 ## - ADDED ENTRY ELEMENTS (KOHA) | |
| Source of classification or shelving scheme | |
| Koha item type | Book |
| Suppress in OPAC | JO |
| Withdrawn status | Lost status | Source of classification or shelving scheme | Damaged status | Not for loan | Permanent Location | Current Location | Shelving location | Date acquired | Source of acquisition | Total Checkouts | Full call number | Barcode | Date last seen | Price effective from | Koha item type | Public note |
|---|---|---|---|---|---|---|---|---|---|---|---|---|---|---|---|---|
| AU LIBRARY | AU LIBRARY | Open Shelf | 01.04.2022 | DONATION FROM MOI UNIVERSITY | RD118 .J46 1964 | 28007407 | 01.04.2022 | 01.04.2022 | Book | JO |